Responses for Show #3470 - Friday, October 8, 1999

Contestants

[<< previous game]

Paul McGonagle, a bartender from Schaumburg, Illinois

Beth Carroll, a criminal records supervisor from Morristown, New Jersey

Pat Tortorello, a corrections officer from Belleville, New Jersey (whose 1-day cash winnings total $10,200)

[next game >>]

Jeopardy! Round responses

LOCATION, LOCATION, LOCATION
HORSE & RIDER
(Alex: We'll give you the horse, you give us the famous rider)
THE MOVIES
SLOGANEERING
FIRST LADIES
PRIME NUMBERS
    $100 11
Switzerland

Beth
    $100 6
The Lone Ranger

Paul
    $100 26
Star Wars

Pat
    $100 21
Visa

Paul
    $100 16
Nancy (Davis) Reagan

Paul
    $100 1
911

Pat
    $200 12
(Pat: What is The Knickerbocker State?)
(Paul: What is The Big Apple?)

Gotham

PatPaul
Triple Stumper
    $200 7
(B: What is Man of La Mancha?)
(Alex: Need a name...)

Don Quixote

BethPaul
    $200 27
(B: Who was Bruce Lee?)

Jackie Chan

PatBeth
    $200 22
(B: What is Home Depot?)

Ace Hardware

BethPaul
    $200 17
(Pat: Who was Barbara Bush?)

Lady Bird Johnson

PatBeth
    $200 2
41

Beth
    $300 13
Mexico

Triple Stumper
    $300 8
Dale Evans

Pat
    $300 28
Jean-Claude Van Damme

Paul
    $300 23
(Paul: What is BMW?)

Lexus

Paul
Triple Stumper
    $300 18
Barbara Bush

Beth
    $300 3
1493

Paul
    $400 14
New Zealand

Beth
    $400 9
Robert E. Lee

Beth
    $400 29
Michael Keaton

Paul
    $400 24
IBM

Paul
    $400 19
Jackie Kennedy

Triple Stumper
    $400 4
13

Pat
    $500 15
Nottingham

Pat
    $500 10
Alexander the Great

Paul
    $500 30
Geena Davis

Triple Stumper
    $500 25
Robitussin

Paul
    $500 20
(Alex: She and FDR were cousins.)

Eleanor Roosevelt

Beth
    $500 5
(B: What is a 747?)
(Pat: What is a DC-3?)

727

PatBeth
Triple Stumper

Scores at the first commercial break (after clue 16):

Pat Beth Paul
$600 $400 $1,000

Scores at the end of the Jeopardy! Round:

Pat Beth Paul
$700 $1,000 $2,600

Double Jeopardy! Round responses

DEMOCRATIC KEYNOTERS
(Alex: These are people who gave the keynote address at Democratic conventions.)
THE ASPCA
ON BROADWAY: 1970
BOTANY
I HAVEN'T READ SHAKESPEARE, BUT...
WORD ORIGINS
    $200 14
Bill Bradley

Pat
    $200 19
Pig

Paul
    $200 24
Jimmy Stewart

Beth
    $200 11
(Pat: What is crabgrass?)

Dandelion

PatPaul
    $200 6
Hamlet

Beth
    $200 1
Crystal

Beth
    $400 15
Mario Cuomo

Beth
    $400 20
Greyhounds

Pat
    $400 25
Applause

Beth
    $400 12
Mistletoe

Triple Stumper
    $400 7
The Comedy of Errors

Beth
    $400 2
London

Triple Stumper
    $600 16
John Glenn

Paul
    $600 21
Spaying

Pat
    $600 26
Hal Linden

Pat
    $600 13
Israel

Triple Stumper
    $600 8
King Lear

Beth
    $600 3
Emir

Paul
    $800 17
Daniel Inouye

Paul
    $800 22
Ambulance

Triple Stumper
    $800 28
Sleuth

Triple Stumper
    $800 27
Daffodil

Beth
    $800 9
The Tempest

Pat
    $1,200 4
Shillelagh

Paul
    $1000 18
Ann Richards

Paul
    $1000 23
Dove

Beth
    $2,000 29
(B: What is "Irene?")

Hello, Dolly!

Beth
    $1000 30
(Pat: What is cinnamon?)

Ginger

Pat
Triple Stumper
    $1000 10
Troilus & Cressida

Triple Stumper
    $1000 5
bucolic

Triple Stumper

Scores at the end of the Double Jeopardy! Round:

Pat Beth Paul
$2,100 $3,200 $7,200
(lock game)

[wagering suggestions for these scores]

Final Jeopardy! Round responses

THE FUNNIES
PatWhat is Calvin & Hobbs?
$2,031
BethWhat is Calvin & Hobbs?
$3,200
PaulWhat is CALVIN and Hobbes?
$0
Calvin and Hobbes

Final scores:

Pat Beth Paul
$4,131 $6,400 $7,200
3rd place: eToys.com Shopping Spree 2nd place: Trip to Grand Case Beach Club, French West Indies New champion: $7,200

Game dynamics:

Coryat scores:

Pat Beth Paul
$2,100 $5,200 $6,800
11 R,
5 W
16 R
(including 1 DD),
5 W
(including 1 DD)
18 R
(including 1 DD),
2 W

Combined Coryat: $14,100

[game clues] [game scores] [suggest correction]

Game tape date: 1999-07-27
The J! Archive is created by fans, for fans. Scraping, republication, monetization, and malicious use prohibited; this site may use cookies and collect identifying information. See terms. The Jeopardy! game show and all elements thereof, including but not limited to copyright and trademark thereto, are the property of Jeopardy Productions, Inc. and are protected under law. This website is not affiliated with, sponsored by, or operated by Jeopardy Productions, Inc. Join the discussion at JBoard.tv.